Desde el mirador / (Record no. 196590)

MARC details
000 -LEADER
campo de control de longitud fija 01598nam a2200397 i 4500
001 - NÚMERO DE CONTROL
campo de control 196590
003 - IDENTIFICADOR DE NÚMERO DE CONTROL
campo de control ES-MaACL
005 - FECHA Y HORA DE LA ÚLTIMA TRANSACCIÓN
campo de control 20251009201247.0
007 - CAMPO FIJO DE DESCRIPCIÓN FÍSICA--INFORMACIÓN GENERAL
campo de control de longitud fija ta
008 - DATOS DE LONGITUD FIJA--INFORMACIÓN GENERAL
campo de control de longitud fija 24100 s1989 it 000 0 ita d
035 ## - NÚMERO DE CONTROL DEL SISTEMA
Número de control de sistema (ES-GrU)b17356751-34cbua_ugr
035 ## - NÚMERO DE CONTROL DEL SISTEMA
Número de control de sistema 991005783149704990
040 ## - FUENTE DE CATALOGACIÓN
Centro catalogador/agencia de origen UGR
Lengua de catalogación spa
Centro/agencia transcriptor ES-MaACL
Centro/agencia modificador ES-MaACL
080 ## - NÚMERO DE LA CLASIFICACIÓN DECIMAL UNIVERSAL
Número de la Clasificación Decimal Universal PRJ
245 00 - MENCIÓN DEL TÍTULO
Título Desde el mirador /
Mención de responsabilidad, etc. edición, Giancarlo Depretis
246 ## - FORMA VARIANTE DEL TITULO
Título propio/Titulo breve 50º Anniversario della morte di Antonio Machado
260 ## - PUBLICACIÓN, DISTRIBUCIÓN, ETC.
Lugar de publicación, distribución, etc. [Torino :
Nombre del editor, distribuidor, etc. Università di Torino,
-- Dipartimento di Scienze Letterarie e Filologiche,
Fecha de publicación, distribución, etc. 1989].
300 ## - DESCRIPCIÓN FÍSICA
Extensión [36] p.;
Dimensiones 24 cm
336 ## - TIPO DE CONTENIDO
Fuente rdacontent
Término de tipo de contenido texto
337 ## - TIPO DE MEDIO
Fuente rdamedia
Nombre/término del tipo de medio sin mediación
338 ## - TIPO DE SOPORTE
Fuente rdacarrier
Nombre/término del tipo de soporte volumen
500 ## - NOTA GENERAL
Nota general Notiziario dell´Anno Machadiano 1 / 50º Anniversario della morte di Antonio Machado
546 ## - NOTA DE IDIOMA
Nota de lengua/lenguaje Textos en español e italiano
561 ## - PROPIEDAD E HISTORIA DE CUSTODIA/NOTA DE PROCEDENCIA
Historial BJS/PR ANN ann.
Tiempo de colación [OBSOLETO] Biblioteca José Saramago
600 #0 - PUNTO DE ACCESO ADICIONAL DE MATERIA--NOMBRE DE PERSONA
Nombre de persona Machado, Antonio,
Fechas asociadas al nombre 1875-1939-
Subdivisión de forma Congresos y asambleas
9 (RLIN) 239094
650 #4 - PUNTO DE ACCESO ADICIONAL DE MATERIA--TÉRMINO DE MATERIA
9 (RLIN) 16177
Término de materia o nombre geográfico como elemento de entrada Poesía española-
Subdivisión cronológica S.XX
655 #7 - TERMINO DE INDIZACIÓN--GENERO/FORMA
Fuente del término tgfbne
9 (RLIN) 226850
Datos o término principal de género/forma Homenajes
700 ## - ENTRADA AGREGADA--NOMBRE PERSONAL
Nombre de persona Depretis, Giancarlo,
9 (RLIN) 235690
Fechas asociadas al nombre 1942-
Término indicativo de función/relación Editor
710 2# - ENTRADA AGREGADA--NOMBRE DE ENTIDAD CORPORATIVA
Nombre de entidad corporativa o nombre de jurisdicción como elemento de entrada Convegno Internazionale Antonio Machado verso L'Europa.
Fecha del congreso o de la firma del tratado 1990.
Sede del congreso/Lugar de la reunión Torino
9 (RLIN) 239092
852 ## - LOCALIZACIÓN
Ubicación ES-MaACL
Ubicación en estantería Depósito folletos
Número de control de estantería FOLL-BUE-52
Donativo/Legado Legado: Antonio Buero Vallejo
itemnumber 204309
903 ## - NOMBRE PERSONAL DE DONANTE
9 32421
a Buero Vallejo, Antonio,
q 1
d 1916-2000
e Donante
942 ## - ELEMENTOS DE ENTRADA SECUNDARIOS (KOHA)
Suprimir en OPAC No
Tipo de ítem Koha Folleto
Holdings
Estatus retirado Estado de pérdida Fuente del sistema de clasificación o colocación Estado de daño No para préstamo Colección Biblioteca de origen Biblioteca actual Ubicación en estantería Fecha de adquisición Fuente de adquisición Total de préstamos Signatura topográfica completa Código de barras Visto por última vez Precio de reemplazo Tipo de ítem Koha
    Clasificación decimal universal     Colección de folletos Biblioteca del Ateneo de Madrid Biblioteca del Ateneo de Madrid Depósito folletos 07/10/2024 Legado   FOLL-BUE-52 101229132 07/10/2024 07/10/2024 Folleto